ბათუმის შოთა რუსთაველის სახელმწიფო უნივერსიტეტის ბიბლიოთეკა

ფოსფორი საქართველოს ინტენსიური მიწათმოქმედების ნიადაგებში და ფოსფორიანი სასუქების ეფექტიანობა : (ბიბ.ჩანაწერი № 53023)

000 -ლიდერი
ფიქსირებული სიგრძის საკონტროლო ველი 01714nam a2200253Ia 4500
001 - საკონტროლო ნომერი
საკონტროლო ველი 20056
003 - საკონტროლო ნომრის იდენტიფიკატორი
საკონტროლო ველი GE_BSU
005 - ბოლო ოპერაციის თარიღი და დრო
საკონტროლო ველი 20250415153753.0
008 - ფიქსირებული სიგრძის მონაცემთა ელემენტები - ზოგადი ინფორმაცია
ფიქსირებული სიგრძის საკონტროლო ველი 181216s2009||||ge |||||||||||||| ||geo||
020 ## - წიგნის საერთაშორისო სტანდარტული ნომერი
International Standard Book Number 978-9941-409-39-4
040 ## - კატალოგიზაციის წყარო
Transcribing agency GE_BSU
041 ## - ენის კოდი
Language code of text/sound track or separate title geo
100 ## - მთავარი ჩანაწერი - პიროვნების სახელი
Personal name მარგველაშვილი, გოგოლა
9 (RLIN) 16741
245 ## - ცნობა სათაურის შესახებ
Title ფოსფორი საქართველოს ინტენსიური მიწათმოქმედების ნიადაგებში და ფოსფორიანი სასუქების ეფექტიანობა :
Remainder of title [მონოგრაფია] /
Statement of responsibility, etc გ.ნ. მარგველაშვილი, ნ.ო. კიკნაძე ; [რედ. და წინასიტყვ. ო.გ. ონიანი].
264 ## - წარმოების, გამოცემის, დისტრიბუციის და სხვა ცნობები
გამოცემის, წარმოების, დისტრიბუციის... ადგილი ბათუმი :
გამოცემის, წარმოების, დისტრიბუციის... სახელწოდება შოთა რუსთაველის სახელმწ. უნ-ტის გამ-ბა და სტ.,
გამოცემის, წარმოების, დისტრიბუციის... თარიღი 2009.
300 ## - ფიზიკური აღწერა
Extent 490 გვ. :
Other physical details ცხრ., დიაგრ. ;
Dimensions 20 სმ..
504 ## - BIBLIOGRAPHY, ETC. NOTE
Bibliography, etc ბიბლიოგრ. : გვ. 485-486
653 ## - INDEX TERM--UNCONTROLLED
Uncontrolled term სოფლის მეურნეობა
653 ## - INDEX TERM--UNCONTROLLED
Uncontrolled term ფოსფორი საქართველოს ინტენსიური მიწათმოქმედების ნიადაგებში და ფოსფორიანი სასუქების ეფექტიანობა
653 ## - INDEX TERM--UNCONTROLLED
Uncontrolled term ფოსფორიანი სასუქები
700 ## - ADDED ENTRY--PERSONAL NAME
Personal name კიკნაძე, ნინო,
Relator term ავტორი
9 (RLIN) 24809
700 ## - ADDED ENTRY--PERSONAL NAME
Personal name ონიანი, ო.
Relator term რედაქტორი
9 (RLIN) 24810
942 ## - ADDED ENTRY ELEMENTS (KOHA)
Koha item type წიგნი
Source of classification or shelving scheme
ეგზემპლარები
ჩამოწერის სტატუსი დაკარგული ეგზემპლარის სტატუსი კლასიფიკაციის წყარო ან თაროზე გაწყობის სქემა დაზიანების სტატუსი არ გაიცემა მუდმივი მდებარეობა (დაცვის ადგილი) ამჟამინდელი ადგილსამყოფელი თაროზე განთავსების ადგილი შეძენის თარიღი ღირებულება, შესყიდვის ნორმალური ფასი შტრიხკოდი ბოლო ოპერაციის თარიღი ეგზემპლარის მიმდევრობითი ნომერი (კეტერი?) ფასის ძალაში შესვლის თარიღი ეგზემპლარის სახეობა საჯარო შენიშვნა
          ბათუმის შოთა რუსთაველის სახელმწიფო უნივერსიტეტის მთავარი ბიბლიოთეკა ბათუმის შოთა რუსთაველის სახელმწიფო უნივერსიტეტის მთავარი ბიბლიოთეკა წიგნსაცავი 2018-12-17 10.00 27857 2018-12-17 27857 2018-12-17 წიგნი 10.00 ₾.